<?xml version="1.0" encoding="UTF-8"?>
<record
    xmlns:xsi="http://www.w3.org/2001/XMLSchema-instance"
    xsi:schemaLocation="http://www.loc.gov/MARC21/slim http://www.loc.gov/standards/marcxml/schema/MARC21slim.xsd"
    xmlns="http://www.loc.gov/MARC21/slim">

  <leader>03500nam a22002897a 4500</leader>
  <controlfield tag="003">DO-CoUTE</controlfield>
  <controlfield tag="005">20260514124240.0</controlfield>
  <controlfield tag="008">260514b        dr ||||| |||| 00| 0 spa d</controlfield>
  <datafield tag="040" ind1=" " ind2=" ">
    <subfield code="a">DO-CoUTE</subfield>
    <subfield code="b">spa</subfield>
    <subfield code="c">DO-CoUTE</subfield>
  </datafield>
  <datafield tag="041" ind1=" " ind2=" ">
    <subfield code="a">spa</subfield>
  </datafield>
  <datafield tag="092" ind1=" " ind2=" ">
    <subfield code="a">ING 2025 D41</subfield>
  </datafield>
  <datafield tag="100" ind1="1" ind2=" ">
    <subfield code="a"> Diaz Alm&#xE1;nzar, Rodolfo</subfield>
    <subfield code="e">Sustentante </subfield>
  </datafield>
  <datafield tag="245" ind1="1" ind2="0">
    <subfield code="a">Protocolo de seguridad para Excavaciones de Cimentaciones en Cotu&#xED; / </subfield>
    <subfield code="c">Rodolfo Diaz Alm&#xE1;nzar, Realneriz Romero Jerez, Emmanuel Parra Paredes, H&#xE9;ctor Porfirio Garc&#xED;a Valdez ; Asesor, Rafael Eugenio Robles</subfield>
  </datafield>
  <datafield tag="260" ind1=" " ind2=" ">
    <subfield code="a">Cotu&#xED;, Rep&#xFA;blica Dominicana ; </subfield>
    <subfield code="b">UTECO, </subfield>
    <subfield code="c">2025</subfield>
  </datafield>
  <datafield tag="300" ind1=" " ind2=" ">
    <subfield code="a">88 Paginas : </subfield>
    <subfield code="b">Gr&#xE1;ficos ;</subfield>
    <subfield code="c">23cm, </subfield>
    <subfield code="e"> + 1 CD-ROM </subfield>
  </datafield>
  <datafield tag="502" ind1=" " ind2=" ">
    <subfield code="a">Trabajo de Grado (Ingeniero Civil ) Universidad Tecnol&#xF3;gica del Cibao Oriental, 2025.</subfield>
  </datafield>
  <datafield tag="504" ind1=" " ind2=" ">
    <subfield code="a"> Incluye referencia bibliogr&#xE1;fica e &#xED;ndice.
</subfield>
  </datafield>
  <datafield tag="520" ind1=" " ind2=" ">
    <subfield code="a">El presente proyecto tuvo como objetivo, establecer un protocolo de seguridad para
Excavaciones de Cimentaciones en Cotu&#xED;. En este orden, tomando como punto de partida
el diagn&#xF3;stico realizado, cuyo objetivo general consisti&#xF3; en &#x201C;identificar y caracterizar la
situaci&#xF3;n actual en materia de seguridad durante la ejecuci&#xF3;n de excavaciones para
cimentaciones en el municipio de Cotu&#xED;&#x201D;, se identific&#xF3; como principal problem&#xE1;tica
&#x201C;Carencia de protocolos escritos documentados&#x201D;. Por tanto, se elabor&#xF3; una propuesta de
soluci&#xF3;n de problema cuyo objetivo general consisti&#xF3; en &#x201C;Desarrollar protocolos escritos y
documentados de seguridad para las excavaciones de cimentaciones en Cotu&#xED;, con el fin de
garantizar la integridad f&#xED;sica de los trabajadores y el cumplimiento de las normas de
seguridad laboral&#x201D;.
Luego de elaborar la propuesta de soluci&#xF3;n de la problem&#xE1;tica y establecer el dise&#xF1;o
del referido protocolo, el equipo investigador lleg&#xF3; a las siguientes conclusiones: El
protocolo contribuye al fortalecimiento de la sostenibilidad y la responsabilidad social de
las obras en Cotu&#xED;. Adem&#xE1;s de la seguridad, el documento promueve pr&#xE1;cticas responsables
en el manejo de residuos, control de aguas subterr&#xE1;neas y reducci&#xF3;n del impacto ambiental,
lo cual favorece el cumplimiento de la legislaci&#xF3;n ambiental dominicana y mejora la
percepci&#xF3;n comunitaria hacia los proyectos de construcci&#xF3;n.
La capacitaci&#xF3;n y sensibilizaci&#xF3;n del personal es un elemento imprescindible para
garantizar la efectividad del protocolo. Ning&#xFA;n procedimiento escrito tendr&#xE1; impacto si los
trabajadores y supervisores no lo comprenden ni lo aplican adecuadamente. Por tanto, se
concluye que el protocolo debe acompa&#xF1;arse de programas formativos, talleres peri&#xF3;dicos
y mecanismos de evaluaci&#xF3;n continua del desempe&#xF1;o en seguridad.
El protocolo debe considerarse un documento vivo sujeto a mejoras. Debido a la
naturaleza din&#xE1;mica del sector construcci&#xF3;n, los cambios tecnol&#xF3;gicos y las condiciones
geot&#xE9;cnicas variables del municipio, el protocolo requiere revisiones peri&#xF3;dicas,
actualizaciones normativas e incorporaci&#xF3;n de buenas pr&#xE1;cticas basadas en la experiencia
acumulada.
</subfield>
  </datafield>
  <datafield tag="650" ind1=" " ind2="4">
    <subfield code="a">Protocolo de seguridad </subfield>
  </datafield>
  <datafield tag="700" ind1="1" ind2=" ">
    <subfield code="a">Rodolfo Diaz Alm&#xE1;nzar</subfield>
    <subfield code="e">Sustentante</subfield>
  </datafield>
  <datafield tag="700" ind1="1" ind2=" ">
    <subfield code="a">Realneriz Romero Jerez</subfield>
    <subfield code="e">Sustentante </subfield>
  </datafield>
  <datafield tag="700" ind1="1" ind2=" ">
    <subfield code="a">Realneriz Romero Jerez</subfield>
    <subfield code="e">Sustentante </subfield>
  </datafield>
  <datafield tag="700" ind1="1" ind2=" ">
    <subfield code="a">Rafael Eugenio Robles</subfield>
    <subfield code="e">Asesor </subfield>
  </datafield>
  <datafield tag="830" ind1=" " ind2=" ">
    <subfield code="a">Tesis y disertaciones acad&#xE9;micas (Universidad Tecnol&#xF3;gica del Cibao Oriental)</subfield>
  </datafield>
  <datafield tag="856" ind1=" " ind2=" ">
    <subfield code="y">Haga Click Aqu&#xED; para Descargar en Texto Completo</subfield>
  </datafield>
  <datafield tag="942" ind1=" " ind2=" ">
    <subfield code="2">ddc</subfield>
    <subfield code="c">TH</subfield>
  </datafield>
  <datafield tag="999" ind1=" " ind2=" ">
    <subfield code="c">24186</subfield>
    <subfield code="d">24186</subfield>
  </datafield>
  <datafield tag="952" ind1=" " ind2=" ">
    <subfield code="0">0</subfield>
    <subfield code="1">0</subfield>
    <subfield code="2">ddc</subfield>
    <subfield code="4">0</subfield>
    <subfield code="7">0</subfield>
    <subfield code="8">eT</subfield>
    <subfield code="a">BU</subfield>
    <subfield code="b">BU</subfield>
    <subfield code="c">GEN</subfield>
    <subfield code="d">2026-05-14</subfield>
    <subfield code="i">24186</subfield>
    <subfield code="l">0</subfield>
    <subfield code="o">ING 2025 D41</subfield>
    <subfield code="p">24186</subfield>
    <subfield code="r">2026-05-14 12:43:17</subfield>
    <subfield code="t">Ej.1</subfield>
    <subfield code="w">2026-05-14</subfield>
    <subfield code="y">TH</subfield>
  </datafield>
</record>
